|
|
|
|
| LEADER |
00000nam0a2200000 4500 |
| 001 |
161962 |
| 005 |
20260414144649.0 |
| 035 |
|
|
|a (RuTPU)RU\TPU\book\175634
|
| 090 |
|
|
|a 161962
|
| 100 |
|
|
|a 20090616d2009 m y0rusy50 ca
|
| 101 |
0 |
|
|a rus
|
| 102 |
|
|
|a RU
|
| 105 |
|
|
|a a j 001zy
|
| 200 |
1 |
|
|a Теория решения изобретательских задач
|e учебное пособие
|f Е. И. Гольдштейн, П. Ф. Коробко
|g Томский политехнический университет (ТПУ)
|
| 210 |
|
|
|a Томск
|c Изд-во ТПУ
|d 2009
|
| 215 |
|
|
|a 153 с.
|c ил.
|
| 318 |
|
|
|5 63413507
|a Навыки XXI века
|
| 320 |
|
|
|a Библиогр.: с. 150-152.
|
| 330 |
|
|
|a В учебном пособии рассмотрены основные вопросы курса «Теория решения изобретательских задач». Отличием данного пособия является практическая направленность и наличие большого числа конкретных примеров защиты интеллектуальной собственности: авторских свидетельств, патентов на изобретение и патентов на полезную модель. Разработано в рамках реализации Инновационной образовательной программы ТПУ по направлению «Развитие в университете интегрированной научно-образовательной среды мирового уровня» и предназначено для студентов, обучающихся по техническим направлениям подготовки и специальностям.
|
| 606 |
1 |
|
|a Изобретательство
|2 stltpush
|3 (RuTPU)RU\TPU\subj\12294
|9 39105
|
| 610 |
1 |
|
|a инженерные задачи
|
| 610 |
1 |
|
|a классификация
|
| 610 |
1 |
|
|a мозговой штурм
|
| 610 |
1 |
|
|a поисковые стратегии
|
| 610 |
1 |
|
|a информационное обеспечение
|
| 610 |
1 |
|
|a инженерные исследования
|
| 610 |
1 |
|
|a эксперименты
|
| 610 |
1 |
|
|a новые изделия
|
| 610 |
1 |
|
|a проектирование
|
| 610 |
1 |
|
|a сервисное сопровождение
|
| 610 |
1 |
|
|a разработчики
|
| 610 |
1 |
|
|a интеллектуальная собственность
|
| 610 |
1 |
|
|a учебные пособия
|
| 610 |
1 |
|
|a труды учёных ТПУ
|
| 675 |
|
|
|a 608.1(075.8)
|v 3
|
| 700 |
|
1 |
|a Гольдштейн
|b Е. И.
|c специалист в области электроэнергетики
|c доцент Томского политехнического университета
|f 1929-
|g Ефрем Иосифович
|9 11307
|
| 701 |
|
1 |
|a Коробко
|b П. Ф.
|c специалист в области электроэнергетики
|c доцент Томского политехнического университета, кандидат технических наук
|f 1939-
|g Петр Федорович
|9 13973
|
| 712 |
0 |
2 |
|a Томский политехнический университет (ТПУ)
|c (1991- )
|3 (RuTPU)RU\TPU\col\376
|
| 801 |
|
1 |
|a RU
|b 63413507
|c 20090616
|g PSBO
|
| 801 |
|
2 |
|a RU
|b 63413507
|c 20150528
|g PSBO
|
| 942 |
|
|
|c BK
|